书目信息 |
| 题名: |
个人效率系统新知
|
|
| 作者: | 苏伟伦 主编 | |
| 分册: | ||
| 出版信息: | 北京 中国纺织出版社 2001 |
|
| 页数: | 10,354页 | |
| 开本: | 20cm | |
| 丛书名: | ||
| 单 册: | ||
| 中图分类: | C936 | |
| 科图分类: | ||
| 主题词: | 自我管理学--通俗读物 , 成功心理学--通俗读物 , CT--S099193--自我管理学 , CT--S900241--成功心理学 | |
| 电子资源: | ||
| ISBN: | 7-5064-1958-0 | |
| 000 | 00990nam0 2200289 45 | |
| 001 | 010099000001 | |
| 005 | 20031219104055.5 | |
| 010 | @a7-5064-1958-0@dCNY21.00 | |
| 100 | @a20010409d2001 em y0chiy0120 ea | |
| 101 | 0 | @achi |
| 102 | @aCN@b110000 | |
| 105 | @ay z 000yy | |
| 106 | @ar | |
| 200 | 1 | @a个人效率系统新知@9ge ren xiao lv xi tong xin zhi@e未来个人管理终极经典@f苏伟伦主编 |
| 210 | @a北京@c中国纺织出版社@d2001 | |
| 215 | @a10,354页@d20cm | |
| 300 | @a个人成功励志篇 | |
| 330 | @a本书从人的心理、潜能出发,倡导利用心理学原理改变人们的生活、工作、学习状态,通过开发个人潜能达到自我提高,进一步提高个人效率。 | |
| 517 | 1 | @a未来个人管理终极经典@9wei lai ge ren guan li zhong ji jing dian |
| 606 | 0 | @a自我管理学@j通俗读物 |
| 606 | 0 | @a成功心理学@j通俗读物 |
| 606 | 0 | @2CT@3S099193@a自我管理学 |
| 606 | 0 | @2CT@3S900241@a成功心理学 |
| 690 | @aC936@v4 | |
| 701 | 0 | @a苏伟伦@9su wei lun@4主编 |
| 801 | @aCN@bTSTC@c20020513 | |
| 905 | @b309838-842@dC936@e115@f5 | |
| 个人效率系统新知:未来个人管理终极经典/苏伟伦主编.-北京:中国纺织出版社,2001 |
| 10,354页;20cm |
| 个人成功励志篇 |
| ISBN 7-5064-1958-0:CNY21.00 |
| 本书从人的心理、潜能出发,倡导利用心理学原理改变人们的生活、工作、学习状态,通过开发个人潜能达到自我提高,进一步提高个人效率。 |
| ● |
| 相关链接 |
|
|
|
|
正题名:个人效率系统新知
索取号:C936/115
 
预约/预借
| 序号 | 登录号 | 条形码 | 馆藏地/架位号 | 状态 | 备注 |
| 1 | 0309838 | 203098389 | 第一借阅区/ [索取号:C936/115] | 在馆 | |
| 2 | 0309839 | 203098398 | 教育系资料室/ [索取号:C936/115] | 在馆 | |
| 3 | 0309840 | 203098405 | 第一借阅区/ [索取号:C936/115] | 在馆 | |
| 4 | 0309841 | 203098414 | 教育系资料室/ [索取号:C936/115] | 在馆 | |
| 5 | 0309842 | 203098423 | 第一样本阅览室/ [索取号:C936/115] | 在馆 |